000 00545nam a2200181 i 4500
001 142981
003 ES-MaACL
005 20230906200700.0
007 t|
008 071011s1963 sp ||||1| spa d
080 _a821.134.2"19"
100 1 _aVidela, Gloria.
_9114550
245 1 3 _aEl ultraísmo
_b: estudio sobre movimientos poéticos de vanguardia en España /
_cGloria Videla.
260 _aMadrid :
_bGredos,
_c[1963]
300 _a246 p. ;
_c22 cm.
650 1 4 _aUltraísmo-
_zEspaña.
_917678
852 _aES-MaACL
_jC-23679
_bR.52404
999 _c142981
_d142981